Titanic Quiz - Statistics

General Stats
  • This quiz has been taken 424 times
  • The average score is 10 of 14
Answer Stats
Hint Answer % Correct
Year that the Titanic sank 1912
98%
City that was the Titanic's intended destination New York City
98%
Geographical feature that the Titanic struck, causing it to sink Iceberg
87%
Director of the 1997 record breaking film 'Titanic' James Cameron
86%
Singer who sang the theme for the film Celine Dion
83%
Captain of the Titanic Edward Smith
73%
First ship to reach the scene of the sinking and rescue survivors RMS Carpathia
73%
Company what owned the Titanic White Star Line
73%
Year the the Titanic's wreck was discovered 1985
72%
British city where the Titanic was built Belfast
70%
Port city that Titanic departed from on her maiden voyage Southampton
67%
Titanic survivor who was nicknamed 'The unsinkable' Molly Brown
65%
Group of people who are said to have 'played as the ship went down' The Band
47%
French port that was the Titanic's first stop off point Cherbourg
43%
No matching quizzes found
Score Distribution
Percent of People with Each Score
Percentile by Number Answered
Your Score History
You have not taken this quiz